00930 a2200121 4500001000700000040003200007090000800039245001700047520068800064650003000752942000700782999001900789122079 cEscola Canadense de Niteroi aCAR10aCharley Bear aLittle Charley Bear fans will adore this delightful little library. Come and meet Little Charley Bear and all of his friends in this adorable little library. Get to know all of the wonderful characters from this exciting new series including Caramel the cow, Frozo the penguin, baby bear Midge and many more! These six mini Little Charley Bear books are presented in an irresistibly cute slipcase. The backs of the six books make a jigsaw, which is perfect for little hands to play with. Join Charley Bear and his friends on more amazing adventures in the series including: Who are you today, Little Charley Bear? sound book, Sheriff Charley storybook and Up in the Air Charley Bear. 4aKindergarten's Literature cBK c122079d122079